000 00707nam a2200217Ia 4500
003 GCL
008 140319s9999 xx 000 0 ara d
040 _aGCL /
_cGCL
082 0 4 _aط
_b507
_bع م
100 1 _aعمر كامل الوكيل (مترجم)
245 1 0 _aمجموعة الكتب العلمية المبسطة /
_cعمر كامل الوكيل (مترجم)
260 _a[S.N] :
_bدار المعارف ،
_c1993
300 _a35 ص
490 _aمجموعة الكتب العلمية المبسطة
_v0
650 0 4 _aالاطفال
650 0 4 _aالعلوم
650 0 4 _aالالات
650 0 4 _aالنباتات
650 0 4 _aالحيوانات فى الادب
942 _2ddc
_cBK
999 _c56385
_d56385